000 00235nam a2200097Ia 4500
001 1208262
005 20250827022842.0
008 250824s9999 xx 000 0 und d
245 0 _aMAKALELER
_cMUHAMMED İKBAL
260 _bHECE YAYINLARI
999 _c1208262
_d1208262